The science fiction of Frank R. Stockton : an anthology /

Bibliographic Details
Main Author: Stockton, Frank R., 1834-1902
Other Authors: Powers, Richard Gid
Format: Book
Language:English
Published: Boston : Gregg Press, 1976.
Series:Gregg Press science fiction series.
Subjects:

MARC

Tag First Indicator Second Indicator Subfields
LEADER 00000pam a2200000 i 4500
001 in00000098995
005 20170321094711.0
008 760325r19761899maua b 00011 eng
010 |a  76010724  
020 |a 0839823444 
035 |a (OCoLC)02331629 
035 |9 AAL3676AM 
040 |a DLC  |c DLC  |d TXA  |d UtOrBLW 
043 |a n-us--- 
049 |a TXAM [Also in] [Sp Coll]  |c 1 [1399662]  |a TXAS  |c 2 [1101466] 
050 0 0 |a PZ3.S866  |b Sc3  |a PS2926 
090 |a PS2926  |b S35 1976 
100 1 |a Stockton, Frank R.,  |d 1834-1902. 
245 1 4 |a The science fiction of Frank R. Stockton :  |b an anthology /  |c Frank R. Stockton ; edited with an introd. by Richard Gid Powers. 
264 1 |a Boston :  |b Gregg Press,  |c 1976. 
300 |a xxii, 453 pages :  |b illustrations ;  |c 21 cm. 
336 |a text  |b txt  |2 rdacontent 
337 |a unmediated  |b n  |2 rdamedia 
338 |a volume  |b nc  |2 rdacarrier 
490 1 |a Gregg Press science fiction series 
500 |a "All reproduced from The novels and stories of Frank R. Stockton published by Charles Scribner's Sons in 1899-1900, except for My translatophone, reprinted from John Gayther's garden and the stories told therein, published by Charles Scribner's Sons in 1902." 
504 |a Includes bibliographical references. 
505 0 |a The water-devil.--A tale of negative gravity.--Amos Kilbright: his adscititious experiences.--The knife that killed Po Hancy.--My terminal moraine.--The great stone of Sardis.--My translatophone. 
650 0 |a Science fiction, American. 
700 1 |a Powers, Richard Gid. 
830 0 |a Gregg Press science fiction series. 
999 |a MARS 
999 f f |s dff97006-aba1-3278-8b0a-34b30116ab0d  |i 9a07f031-7129-33e0-8f13-84160ff18fec  |t 0 
952 f f |p noncirc  |a Texas A&M University  |b College Station  |c Cushing Memorial Library & Archives  |d Cushing: Science Fiction (Does not check out)  |t 0  |e PZ3.S866 Sc3  |h Library of Congress classification  |i unmediated -- volume  |m A14800429031 
952 f f |p ric  |a Texas A&M University  |b Rellis Campus  |c Joint Library Facility  |d Remote Storage  |t 0  |e PS2926 S35 1976  |h Library of Congress classification  |i unmediated -- volume  |m A14804284580 
998 f f |a PS2926 S35 1976  |t 0  |l Remote Storage 
998 f f |a PZ3.S866 Sc3  |t 0  |l Cushing: Science Fiction (Does not check out)